000 00390nam a2200169 a 4500
020 _a817992128X
041 _aENG
082 0 0 _a200
_bOSH1
100 _aOsho,
245 _aThe First Principle Talks on ZEN
260 _aDelhi
_bJaico Pub. House
_c2008
300 _a280p
500 _aincludes index and biblioraphy
650 _aSpirituality
700 1 _aOsho,
942 _cBK
999 _c16943
_d16943